<?xml version="1.0" encoding="UTF-8"?>
<record
    xmlns:xsi="http://www.w3.org/2001/XMLSchema-instance"
    xsi:schemaLocation="http://www.loc.gov/MARC21/slim http://www.loc.gov/standards/marcxml/schema/MARC21slim.xsd"
    xmlns="http://www.loc.gov/MARC21/slim">

  <leader>01137nam a22002657a 4500</leader>
  <controlfield tag="005">2009080405165.0</controlfield>
  <controlfield tag="008">090728t        xxu||||| |||| 00| 0 pun d</controlfield>
  <datafield tag="010" ind1=" " ind2=" ">
    <subfield code="a">PUN-7421</subfield>
  </datafield>
  <datafield tag="020" ind1=" " ind2=" ">
    <subfield code="c">120.00</subfield>
  </datafield>
  <datafield tag="035" ind1=" " ind2=" ">
    <subfield code="a">PN-6539</subfield>
  </datafield>
  <datafield tag="037" ind1=" " ind2=" ">
    <subfield code="b">DBAD / PUB/Sri Ravidas Trust</subfield>
  </datafield>
  <datafield tag="040" ind1=" " ind2=" ">
    <subfield code="a">dpl</subfield>
    <subfield code="b">PN</subfield>
  </datafield>
  <datafield tag="082" ind1=" " ind2=" ">
    <subfield code="a">230.44</subfield>
  </datafield>
  <datafield tag="100" ind1=" " ind2=" ">
    <subfield code="9">37323</subfield>
    <subfield code="a">&#xA2C;&#xA3E;&#xA35;&#xA3E;,&#xA38;&#xA41;&#xA30;&#xA3F;&#xA70;&#xA26;&#xA30; &#xA26;&#xA3E;&#xA38;</subfield>
  </datafield>
  <datafield tag="245" ind1=" " ind2=" ">
    <subfield code="a">&#xA05;&#xA70;&#xA2E;&#xA4D;&#xA30;&#xA3F;&#xA24;&#xA2C;&#xA3E;&#xA23;&#xA40; &#xA38;&#xA24;&#xA3F;&#xA17;&#xA41;&#xA30;&#xA42; &#xA30;&#xA35;&#xA3F;&#xA26;&#xA3E;&#xA38; &#xA1C;&#xA40; &#xA2E;&#xA39;&#xA3E;&#xA30;&#xA3E;&#xA1C; &#xA1C;&#xA40; /</subfield>
    <subfield code="c">&#xA38;&#xA41;&#xA30;&#xA3F;&#xA70;&#xA26;&#xA30; &#xA26;&#xA3E;&#xA38; &#xA2C;&#xA3E;&#xA35;&#xA3E;</subfield>
  </datafield>
  <datafield tag="246" ind1=" " ind2=" ">
    <subfield code="a">Amritbaani Satguru Ravidas Maharaj ji</subfield>
    <subfield code="b">by Surinder Das Bawa</subfield>
  </datafield>
  <datafield tag="260" ind1=" " ind2=" ">
    <subfield code="a">Varansi</subfield>
    <subfield code="b">Sri Guru RavidasTrust</subfield>
    <subfield code="c">2011</subfield>
  </datafield>
  <datafield tag="270" ind1=" " ind2=" ">
    <subfield code="b">Varansi (U.P.)</subfield>
    <subfield code="a">Sri Guru Ravidas janam sthaan public chritable trust</subfield>
  </datafield>
  <datafield tag="300" ind1=" " ind2=" ">
    <subfield code="a">352&#xA2A;&#xA02;;</subfield>
    <subfield code="b">21&#xA38;&#xA47;&#xA02;&#xA2E;&#xA40;(&#xA38;&#xA1C;&#xA3F;&#xA32;&#xA26;)</subfield>
  </datafield>
  <datafield tag="650" ind1=" " ind2=" ">
    <subfield code="9">37324</subfield>
  </datafield>
  <datafield tag="650" ind1=" " ind2=" ">
    <subfield code="9">37325</subfield>
  </datafield>
  <datafield tag="700" ind1=" " ind2=" ">
    <subfield code="9">52947</subfield>
  </datafield>
  <datafield tag="942" ind1=" " ind2=" ">
    <subfield code="2">ddc</subfield>
    <subfield code="c">PN</subfield>
    <subfield code="h">230.44</subfield>
    <subfield code="m">&#xA2C;&#xA3E;&#xA35;&#xA3E;&#xA38;&#xA41;</subfield>
  </datafield>
  <datafield tag="999" ind1=" " ind2=" ">
    <subfield code="c">70969</subfield>
    <subfield code="d">70969</subfield>
  </datafield>
  <datafield tag="952" ind1=" " ind2=" ">
    <subfield code="0">0</subfield>
    <subfield code="1">0</subfield>
    <subfield code="2">ddc</subfield>
    <subfield code="4">0</subfield>
    <subfield code="7">0</subfield>
    <subfield code="8">NFIC</subfield>
    <subfield code="a">DBAD</subfield>
    <subfield code="b">DBAD</subfield>
    <subfield code="d">2012-10-16</subfield>
    <subfield code="e">DBAD / PUB</subfield>
    <subfield code="g">120.00</subfield>
    <subfield code="l">0</subfield>
    <subfield code="o">230.44 &#xA2C;&#xA3E;&#xA35;&#xA3E;&#xA38;&#xA41;</subfield>
    <subfield code="p">PN-6539</subfield>
    <subfield code="r">2012-10-16 00:00:00</subfield>
    <subfield code="t">1</subfield>
    <subfield code="v">120.00</subfield>
    <subfield code="w">2012-10-16</subfield>
    <subfield code="y">PN</subfield>
  </datafield>
</record>
